| 000 | 009360am a2200229 004500 | ||
|---|---|---|---|
| 003 | EG-GiCUC | ||
| 008 | 070602s1991 le g d 001 0 ara d | ||
| 040 |
_aEG-GiCUC _bara _cEG-GiCUC |
||
| 050 | 4 |
_aPJ6145. _bD3 1988 |
|
| 092 | 0 | 4 |
_a415.5 _bD129 1991 _221 |
| 099 |
_a04 _a415.5 D129 1991 |
||
| 100 | 1 | _aالدحداح : انطوان | |
| 245 | 1 | 0 |
_aمعجم تصريف الافعال العربية / _cانطوان الدحداح ؛ راجعة جورج مترى عبد المسيح |
| 260 |
_aبيروت : لبنان : _bمكتبة لبنان : _c1991 |
||
| 300 |
_a522ص ؛ _c28سم |
||
| 500 | _aفى رأس العنوان : موسوعة الدحداح فى علم العربية | ||
| 504 | _aيشتمل على ارجاعات ببليوجرافية : (ص518-519) و كشافات | ||
| 650 | 7 |
_aاللغة العربية _xالصرف _vمعاجم _2qrmak |
|
| 902 | _a1 | ||
| 905 |
_aامنية _eمدخل |
||
| 942 |
_2ddc _cREF |
||
| 999 |
_c97025 _d97025 |
||